[Suvák, V.: Antisthenés: Štyri štúdie]

Recenzia na monografiu Antisthenés: Štyri štúdie. Je v poradí už tretím dielom Vladislava Suváka, ktoré je venované postave Sókratovho nasledovníka Antisthena z Athén.1 Celkovo ide už o ôsmy slovenský titul, ktorý mapuje kynickú filozofickú tradíciu a jej miesto v dejinách filozofie.

Saved in:
Bibliographic Details
Main Author: Škvrnda, František, ml., 1987-
Format: Book Chapter
Language:Slovak
Subjects:
Tags: Add Tag
No Tags, Be the first to tag this record!

MARC

LEADER 00000naa a2200000 4500
001 0241297
005 20240502073928.8
041 0 |a slo 
044 |a SK 
245 1 0 |a [Suvák, V.: Antisthenés: Štyri štúdie]  |c František Škvrnda ml. 
520 |a Recenzia na monografiu Antisthenés: Štyri štúdie. Je v poradí už tretím dielom Vladislava Suváka, ktoré je venované postave Sókratovho nasledovníka Antisthena z Athén.1 Celkovo ide už o ôsmy slovenský titul, ktorý mapuje kynickú filozofickú tradíciu a jej miesto v dejinách filozofie. 
610 2 0 |a recenzie 
610 2 0 |a dejiny filozofie 
100 1 |a Škvrnda, František, ml., 1987-